Online
Catalog

La República Dominicana en la Organización Internacional del Trabajo : (Record no. 5866)

MARC details
000 -CABECERA
campo de control de longitud fija 00896nam a2200253 i 4500
001 - NÚMERO DE CONTROL
campo de control 000006070
003 - IDENTIFICADOR DEL NÚMERO DE CONTROL
campo de control DO-SdBNP
005 - FECHA Y HORA DE LA ÚLTIMA TRANSACCIÓN
campo de control 20240118075726.0
007 - CAMPO FIJO DE DESCRIPCIÓN FÍSICA--INFORMACIÓN GENERAL
campo de control de longitud fija ta
008 - DATOS DE LONGITUD FIJA--INFORMACIÓN GENERAL
campo de control de longitud fija 090826s1957 dr 000 0 spa d
040 ## - FUENTE DE LA CATALOGACIÓN
Centro catalogador/agencia de origen DO-SdBNP
Lengua de catalogación spa
Centro/agencia transcriptor BNPHU
Normas de descripción rda
082 #4 - NÚMERO DE LA CLASIFICACIÓN DECIMAL DEWEY
Número de edición 22
100 1# - ENTRADA PRINCIPAL--NOMBRE DE PERSONA
Nombre de persona Font Bernard, R. A.
9 (RLIN) 17078
Término indicativo de función/relación autor
245 13 - MENCIÓN DE TÍTULO
Título La República Dominicana en la Organización Internacional del Trabajo :
Resto del título una ejemplar cooperación al servicio de la paz /
Mención de responsabilidad, etc. R. A. Font Bernard.
264 ## - PRODUCCIÓN, PUBLICACIÓN, DISTRIBUCIÓN, FABRICACIÓN Y COPYRIGHT
Producción, publicación, distribución, fabricación y copyright Ciudad Trujillo, República Dominicana :
Nombre del de productor, editor, distribuidor, fabricante Arte y Cine,
Fecha de producción, publicación, distribución, fabricación o copyright 1957.
300 ## - DESCRIPCIÓN FÍSICA
Extensión 264 páginas ;
Dimensiones 23 cm.
336 ## - TIPO DE CONTENIDO
Fuente rdacontent
Término de tipo de contenido texto
Código de tipo de contenido txt
337 ## - TIPO DE MEDIO
Fuente rdamedia
Nombre/término del tipo de medio sin mediación
Código del tipo de medio n
338 ## - TIPO DE SOPORTE
Fuente rdacarrier
Nombre/término del tipo de soporte volumen
Código del tipo de soporte nc
500 ## - NOTA GENERAL
Nota general Incluye referencias bibliográficas y notas al pie de las páginas.
505 2# - NOTA DE CONTENIDO CON FORMATO
Nota de contenido con formato Incluye nota de contenido.
590 ## - NOTA LOCAL (RLIN)
Nota local Inventariado. 2024/BT
942 ## - ELEMENTOS DE PUNTO DE ACCESO ADICIONAL (KOHA)
Fuente del sistema de clasificación o colocación Dewey Decimal Classification
Tipo de ítem Koha Libro
Holdings
Estado de retiro Estado de pérdida Fuente del sistema de clasificación o colocación Restricciones de uso No para préstamo Código de colección Localización permanente Ubicación/localización actual Ubicación en estantería Fecha de adquisición Fuente de adquisición Total de préstamos Signatura topográfica completa Código de barras Fecha visto por última vez Precio válido a partir de Tipo de ítem Koha Nota pública Número de copia
    Dewey Decimal Classification Excluido de préstamo   Patrimonio Dominicano Raros y Valiosos Biblioteca Nacional Pedro Henríquez Ureña Biblioteca Nacional Pedro Henríquez Ureña En catalogación 26.08.2009 Donación   BNPHU RD-PD 6070-10 25.06.2020 25.06.2020 Libro Perteneció a la biblioteca personal de Martínez Boog.  
    Dewey Decimal Classification Excluido de préstamo   Patrimonio Dominicano Raros y Valiosos Biblioteca Nacional Pedro Henríquez Ureña Biblioteca Nacional Pedro Henríquez Ureña En catalogación 18.01.2024 Donación   BNPHU RV-PD 2024-0300 18.01.2024 18.01.2024 Libro Perteneció a la biblioteca personal de Bárbara Suncar. e.2

Powered by Koha